| 000 | 00573 a2200181 4500 | ||
|---|---|---|---|
| 999 |
_c183542 _d183542 |
||
| 005 | 20211227164232.0 | ||
| 010 | _aENG-130707 | ||
| 020 |
_a978-93-90232-45-1 _c1050.00 |
||
| 035 | _aEN-114239 | ||
| 037 | _bDBAD/PUB | ||
| 082 | _a333.31954 | ||
| 100 | _aRobb, Peter | ||
| 245 |
_aIdeas Matter: _cPeter Robb _bDebating the Impact of British Rule on India/ |
||
| 260 |
_aDelhi _bPrimus Books _c2020 |
||
| 270 |
_aVirat Bhawan, Mukherjee Nagar, Commercial Complex _bDelhi _e110009 |
||
| 300 |
_a305p. _c24cm (hbk) |
||
| 942 |
_adpl _cEN _2ddc _h333.31954 _mROB |
||